[Event "ODJM C 2024"]
[Site "Willingen GER"]
[Date "2024.05.21"]
[Round "4"]
[White "Hantke, Karl"]
[Black "Kulgemeyer, Justus"]
[Result "1/2-1/2"]
[Termination "normal"]
[Board "3"]
[WhiteElo "1555"]
[BlackElo "1243"]
[WhiteClock "00:19:30"]
[BlackClock "00:46:26"]
[PlyCount "94"]
[WhiteFideId "34640827"]
[BlackFideId "34623671"]
[EventCountry "GER"]
[EventRounds "9"]
[EventType "swiss"]
[EventDate "2024.05.18"]

1. d4 {[%clk 01:30:57]} {[%emt 00:00:02]} d5 {[%clk 01:30:50]} {[%emt
00:00:10]} 2. c4 {[%clk 01:31:15]} {[%emt 00:00:11]} Nf6 {[%clk 01:31:15]}
{[%emt 00:00:06]} 3. cxd5 {[%clk 01:31:27]} {[%emt 00:00:19]} Qxd5 {[%clk
01:31:05]} {[%emt 00:00:40]} 4. Nc3 {[%clk 01:31:34]} {[%emt 00:00:22]} Qd8
{[%clk 01:31:30]} {[%emt 00:00:06]} 5. e4 {[%clk 01:31:17]} {[%emt 00:00:47]}
Nc6 {[%clk 01:31:44]} {[%emt 00:00:15]} 6. Nf3 {[%clk 01:28:46]} {[%emt
00:03:01]} Bg4 {[%clk 01:31:51]} {[%emt 00:00:23]} 7. Bb5 {[%clk 01:27:06]}
{[%emt 00:02:11]} a6 {[%clk 01:31:32]} {[%emt 00:00:49]} 8. Bxc6+ {[%clk
01:26:53]} {[%emt 00:00:42]} bxc6 {[%clk 01:31:57]} {[%emt 00:00:05]} 9. Be3
{[%clk 01:25:56]} {[%emt 00:01:27]} e6 {[%clk 01:31:48]} {[%emt 00:00:39]} 10.
O-O {[%clk 01:24:55]} {[%emt 00:01:31]} Bb4 {[%clk 01:30:54]} {[%emt 00:01:24]}
11. Qa4 {[%clk 01:23:27]} {[%emt 00:01:59]} Bxc3 {[%clk 01:28:56]} {[%emt
00:02:27]} 12. Qxc6+ {[%clk 01:23:01]} {[%emt 00:00:56]} Nd7 {[%clk 01:28:58]}
{[%emt 00:00:28]} 13. Qxc3 {[%clk 01:22:56]} {[%emt 00:00:36]} Bxf3 {[%clk
01:29:11]} {[%emt 00:00:17]} 14. gxf3 {[%clk 01:22:59]} {[%emt 00:00:26]} Qf6
{[%clk 01:27:18]} {[%emt 00:02:23]} 15. Qxc7 {[%clk 01:20:56]} {[%emt
00:02:33]} Qxf3 {[%clk 01:24:32]} {[%emt 00:03:16]} 16. Qf4 {[%clk 01:18:57]}
{[%emt 00:02:27]} Qh5 {[%clk 01:24:23]} {[%emt 00:00:41]} 17. Qg5 {[%clk
01:16:56]} {[%emt 00:02:31]} Qf3 {[%clk 01:19:48]} {[%emt 00:05:03]} 18. Qg2
{[%clk 01:12:53]} {[%emt 00:04:36]} Qh5 {[%clk 01:16:19]} {[%emt 00:03:59]} 19.
Bf4 {[%clk 01:07:13]} {[%emt 00:06:10]} Nf6 {[%clk 01:14:13]} {[%emt 00:02:35]}
20. Bg3 {[%clk 01:06:13]} {[%emt 00:01:30]} Rg8 {[%clk 01:12:03]} {[%emt
00:02:40]} 21. e5 {[%clk 01:04:03]} {[%emt 00:02:40]} Nd5 {[%clk 01:12:25]}
{[%emt 00:00:07]} 22. f4 {[%clk 01:02:49]} {[%emt 00:01:45]} Rc8 {[%clk
01:10:51]} {[%emt 00:02:04]} 23. Qf3 {[%clk 01:01:32]} {[%emt 00:01:47]} Qf5
{[%clk 01:10:32]} {[%emt 00:00:49]} 24. Rac1 {[%clk 01:01:00]} {[%emt
00:01:03]} Rb8 {[%clk 01:09:39]} {[%emt 00:01:22]} 25. Rf2 {[%clk 00:57:56]}
{[%emt 00:03:34]} Kd7 {[%clk 01:06:28]} {[%emt 00:03:41]} 26. Rfc2 {[%clk
00:56:46]} {[%emt 00:01:41]} Rb7 {[%clk 01:02:44]} {[%emt 00:04:14]} 27. Qa3
{[%clk 00:53:28]} {[%emt 00:03:47]} Rd8 {[%clk 00:57:49]} {[%emt 00:05:23]} 28.
Qxa6 {[%clk 00:46:48]} {[%emt 00:07:13]} Rbb8 {[%clk 00:55:22]} {[%emt
00:02:56]} 29. Qe2 {[%clk 00:39:53]} {[%emt 00:07:25]} Ke8 {[%clk 00:53:17]}
{[%emt 00:02:35]} 30. a4 {[%clk 00:34:53]} {[%emt 00:05:30]} Nxf4 {[%clk
00:52:18]} {[%emt 00:01:29]} 31. Bxf4 {[%clk 00:34:32]} {[%emt 00:00:51]} Qxf4
{[%clk 00:52:24]} {[%emt 00:00:24]} 32. Rf1 {[%clk 00:32:43]} {[%emt 00:02:18]}
Qxd4+ {[%clk 00:51:39]} {[%emt 00:01:16]} 33. Qf2 {[%clk 00:32:48]} {[%emt
00:00:24]} Qxf2+ {[%clk 00:50:48]} {[%emt 00:01:21]} 34. Rcxf2 {[%clk
00:32:44]} {[%emt 00:00:35]} Rd7 {[%clk 00:50:46]} {[%emt 00:00:32]} 35. a5
{[%clk 00:32:43]} {[%emt 00:00:32]} Ra8 {[%clk 00:49:53]} {[%emt 00:01:23]} 36.
b4 {[%clk 00:32:51]} {[%emt 00:00:21]} Rb7 {[%clk 00:49:37]} {[%emt 00:00:45]}
37. Rb1 {[%clk 00:32:50]} {[%emt 00:00:31]} Rb5 {[%clk 00:49:46]} {[%emt
00:00:22]} 38. Ra2 {[%clk 00:30:46]} {[%emt 00:02:34]} Kd7 {[%clk 00:49:16]}
{[%emt 00:01:01]} 39. Rd2+ {[%clk 00:28:32]} {[%emt 00:02:43]} Kc6 {[%clk
00:48:59]} {[%emt 00:00:48]} 40. Rc1+ {[%clk 00:28:48]} {[%emt 00:00:14]} Kb7
{[%clk 00:49:01]} {[%emt 00:00:28]} 41. Rd7+ {[%clk 00:28:02]} {[%emt
00:01:15]} Kb8 {[%clk 00:48:33]} {[%emt 00:00:59]} 42. Rxf7 {[%clk 00:25:03]}
{[%emt 00:03:28]} Rxb4 {[%clk 00:48:05]} {[%emt 00:00:57]} 43. Rxg7 {[%clk
00:24:04]} {[%emt 00:01:29]} Rxa5 {[%clk 00:47:59]} {[%emt 00:00:37]} 44. Rf1
{[%clk 00:19:59]} {[%emt 00:04:35]} Rc4 {[%clk 00:48:01]} {[%emt 00:00:27]} 45.
Rf8+ {[%clk 00:19:39]} {[%emt 00:00:50]} Rc8 {[%clk 00:48:23]} {[%emt
00:00:08]} 46. Rff7 {[%clk 00:19:58]} {[%emt 00:00:11]} Ra2 {[%clk 00:47:31]}
{[%emt 00:01:23]} 47. Rf1 {[%clk 00:19:30]} {[%emt 00:00:57]} Rcc2 {[%clk
00:46:26]} {[%emt 00:00:20]} 1/2-1/2

[Event "ODJM C 2024"]
[Site "Willingen GER"]
[Date "2024.05.21"]
[Round "4"]
[White "Polster, Martha"]
[Black "Classen, Miguel"]
[Result "1-0"]
[Termination "normal"]
[Board "4"]
[WhiteElo "1281"]
[BlackElo "1519"]
[WhiteClock "01:14:09"]
[BlackClock "01:16:45"]
[PlyCount "45"]
[WhiteFideId "34639845"]
[BlackFideId "34623825"]
[EventCountry "GER"]
[EventRounds "9"]
[EventType "swiss"]
[EventDate "2024.05.18"]

1. e4 {[%clk 01:30:58]} {[%emt 00:00:01]} e6 {[%clk 01:30:51]} {[%emt
00:00:10]} 2. d4 {[%clk 01:31:24]} {[%emt 00:00:04]} d5 {[%clk 01:31:18]}
{[%emt 00:00:02]} 3. exd5 {[%clk 01:31:49]} {[%emt 00:00:06]} exd5 {[%clk
01:31:42]} {[%emt 00:00:06]} 4. Bd3 {[%clk 01:32:16]} {[%emt 00:00:03]} Nf6
{[%clk 01:32:04]} {[%emt 00:00:07]} 5. Nf3 {[%clk 01:29:52]} {[%emt 00:02:54]}
Bg4 {[%clk 01:32:09]} {[%emt 00:00:26]} 6. h3 {[%clk 01:30:03]} {[%emt
00:00:19]} Bh5 {[%clk 01:32:30]} {[%emt 00:00:09]} 7. O-O {[%clk 01:30:22]}
{[%emt 00:00:12]} Ne4 {[%clk 01:29:01]} {[%emt 00:03:57]} 8. Re1 {[%clk
01:29:00]} {[%emt 00:01:52]} f5 {[%clk 01:28:51]} {[%emt 00:00:40]} 9. c4
{[%clk 01:28:20]} {[%emt 00:01:11]} c6 {[%clk 01:28:47]} {[%emt 00:00:34]} 10.
Bf4 {[%clk 01:24:57]} {[%emt 00:03:50]} Be7 {[%clk 01:27:29]} {[%emt 00:01:51]}
11. Qb3 {[%clk 01:23:38]} {[%emt 00:01:46]} Qc8 {[%clk 01:25:34]} {[%emt
00:02:27]} 12. Nc3 {[%clk 01:22:04]} {[%emt 00:02:02]} Nxc3 {[%clk 01:22:58]}
{[%emt 00:03:09]} 13. bxc3 {[%clk 01:21:38]} {[%emt 00:00:55]} Bxf3 {[%clk
01:22:59]} {[%emt 00:00:30]} 14. gxf3 {[%clk 01:21:45]} {[%emt 00:00:23]} Qd7
{[%clk 01:22:31]} {[%emt 00:00:58]} 15. Bg5 {[%clk 01:20:09]} {[%emt 00:02:06]}
Kf8 {[%clk 01:18:50]} {[%emt 00:04:10]} 16. Rxe7 {[%clk 01:17:00]} {[%emt
00:03:38]} Qd6 {[%clk 01:16:52]} {[%emt 00:02:29]} 17. Qxb7 {[%clk 01:14:09]}
{[%emt 00:03:21]} Na6 {[%clk 01:15:51]} {[%emt 00:01:32]} 18. Qxa8+ {[%clk
01:14:09]} {[%emt 00:00:28]} Nb8 {[%clk 01:16:11]} {[%emt 00:00:11]} 19. Qb7
{[%clk 01:14:20]} {[%emt 00:00:15]} Qd8 {[%clk 01:16:15]} {[%emt 00:00:30]} 20.
Rf7+ {[%clk 01:14:11]} {[%emt 00:00:39]} Ke8 {[%emt 00:00:11]} 21. Bxd8 {[%emt
00:00:13]} Kxd8 {[%clk 01:16:16]} {[%emt 00:00:06]} 22. Qe7+ {[%clk 01:14:28]}
{[%emt 00:00:12]} Kc8 {[%clk 01:16:45]} {[%emt 00:00:02]} 23. Qc7# {[%clk
01:14:09]} {[%emt 00:00:08]} 1-0

[Event "ODJM C 2024"]
[Site "Willingen GER"]
[Date "2024.05.21"]
[Round "4"]
[White "Glaser-Gallion, Ludwig"]
[Black "von Gehlen, Samuel"]
[Result "0-1"]
[Termination "normal"]
[Board "5"]
[WhiteElo "1236"]
[BlackElo "1510"]
[WhiteClock "00:21:52"]
[BlackClock "01:00:10"]
[PlyCount "120"]
[WhiteFideId "533001880"]
[BlackFideId "34651551"]
[EventCountry "GER"]
[EventRounds "9"]
[EventType "swiss"]
[EventDate "2024.05.18"]

1. d4 {[%clk 01:30:58]} {[%emt 00:00:02]} d5 {[%clk 01:30:56]} {[%emt
00:00:05]} 2. Bf4 {[%clk 01:31:23]} {[%emt 00:00:04]} Bf5 {[%clk 01:30:50]}
{[%emt 00:00:36]} 3. e3 {[%clk 01:31:46]} {[%emt 00:00:07]} Nf6 {[%clk
01:31:00]} {[%emt 00:00:20]} 4. c4 {[%clk 01:31:58]} {[%emt 00:00:18]} e6
{[%clk 01:31:11]} {[%emt 00:00:18]} 5. Nc3 {[%clk 01:32:11]} {[%emt 00:00:17]}
c5 {[%clk 01:31:09]} {[%emt 00:00:32]} 6. Nf3 {[%clk 01:32:00]} {[%emt
00:00:41]} Nc6 {[%clk 01:31:15]} {[%emt 00:00:25]} 7. Bd3 {[%clk 01:29:37]}
{[%emt 00:02:52]} Bxd3 {[%clk 01:30:49]} {[%emt 00:00:56]} 8. Qxd3 {[%clk
01:29:17]} {[%emt 00:00:50]} Bd6 {[%clk 01:31:05]} {[%emt 00:00:15]} 9. Bxd6
{[%clk 01:28:57]} {[%emt 00:00:50]} Qxd6 {[%clk 01:31:26]} {[%emt 00:00:08]}
10. Nb5 {[%clk 01:28:17]} {[%emt 00:01:11]} Qd8 {[%clk 01:30:08]} {[%emt
00:01:48]} 11. dxc5 {[%clk 01:27:17]} {[%emt 00:01:29]} Nb4 {[%clk 01:28:55]}
{[%emt 00:01:43]} 12. Qc3 {[%clk 01:26:15]} {[%emt 00:01:33]} Qa5 {[%clk
01:27:24]} {[%emt 00:02:01]} 13. O-O {[%clk 01:24:11]} {[%emt 00:02:33]} Ne4
{[%clk 01:26:31]} {[%emt 00:01:22]} 14. Qxg7 {[%clk 01:21:25]} {[%emt
00:03:17]} Rf8 {[%clk 01:26:21]} {[%emt 00:00:40]} 15. Qe5 {[%clk 01:14:10]}
{[%emt 00:07:45]} Rc8 {[%clk 01:25:32]} {[%emt 00:01:19]} 16. Rfd1 {[%clk
01:04:04]} {[%emt 00:10:36]} Rxc5 {[%clk 01:25:05]} {[%emt 00:00:56]} 17. Qb8+
{[%clk 01:02:14]} {[%emt 00:02:21]} Ke7 {[%clk 01:20:54]} {[%emt 00:04:41]} 18.
Qxb7+ {[%clk 01:00:58]} {[%emt 00:01:47]} Kf6 {[%emt 00:00:30]} 19. Nc3 {[%clk
00:50:29]} {[%emt 00:10:43]} Nxc3 {[%clk 01:21:22]} {[%emt 00:00:17]} 20. bxc3
{[%clk 00:50:46]} {[%emt 00:00:12]} Nc2 {[%clk 01:21:45]} {[%emt 00:00:07]} 21.
Rac1 {[%clk 00:49:58]} {[%emt 00:01:19]} Qxc3 {[%clk 01:21:33]} {[%emt
00:00:42]} 22. Qb1 {[%clk 00:47:31]} {[%emt 00:02:58]} Qxc4 {[%clk 01:20:09]}
{[%emt 00:01:53]} 23. Nd4 {[%clk 00:45:12]} {[%emt 00:02:50]} Rfc8 {[%clk
01:16:51]} {[%emt 00:03:47]} 24. Nxc2 {[%clk 00:44:31]} {[%emt 00:01:11]} Ke5
{[%clk 01:16:08]} {[%emt 00:01:14]} 25. Qb2+ {[%clk 00:40:06]} {[%emt
00:04:55]} Kd6 {[%clk 01:15:45]} {[%emt 00:00:53]} 26. Qa3 {[%clk 00:35:40]}
{[%emt 00:04:55]} Kd7 {[%clk 01:15:04]} {[%emt 00:01:10]} 27. Qxa7+ {[%clk
00:34:52]} {[%emt 00:01:20]} R8c7 {[%clk 01:14:53]} {[%emt 00:00:41]} 28. Qa3
{[%clk 00:33:06]} {[%emt 00:02:16]} Qe2 {[%clk 01:14:29]} {[%emt 00:00:53]} 29.
Qd3 {[%clk 00:31:11]} {[%emt 00:02:26]} Qxd3 {[%clk 01:13:53]} {[%emt
00:01:05]} 30. Rxd3 {[%clk 00:31:25]} {[%emt 00:00:16]} Rxc2 {[%clk 01:14:20]}
{[%emt 00:00:03]} 31. Rxc2 {[%clk 00:31:46]} {[%emt 00:00:09]} Rxc2 {[%clk
01:14:43]} {[%emt 00:00:08]} 32. g3 {[%clk 00:31:42]} {[%emt 00:00:34]} Rxa2
{[%clk 01:14:07]} {[%emt 00:01:05]} 33. e4 {[%clk 00:32:04]} {[%emt 00:00:09]}
Ra5 {[%clk 01:13:47]} {[%emt 00:00:49]} 34. Kg2 {[%clk 00:30:51]} {[%emt
00:01:43]} Kd6 {[%clk 01:13:28]} {[%emt 00:00:48]} 35. Kf3 {[%clk 00:30:27]}
{[%emt 00:00:55]} Ra4 {[%clk 01:12:55]} {[%emt 00:01:03]} 36. exd5 {[%clk
00:30:26]} {[%emt 00:00:31]} exd5 {[%clk 01:12:23]} {[%emt 00:01:03]} 37. Ke3
{[%clk 00:30:19]} {[%emt 00:00:37]} Ke5 {[%clk 01:12:10]} {[%emt 00:00:42]} 38.
f4+ {[%clk 00:30:07]} {[%emt 00:00:42]} Ke6 {[%clk 01:11:03]} {[%emt 00:01:38]}
39. Rd4 {[%clk 00:29:44]} {[%emt 00:00:53]} Rxd4 {[%clk 01:11:12]} {[%emt
00:00:20]} 40. Kxd4 {[%clk 00:29:55]} {[%emt 00:00:18]} Kd6 {[%clk 01:11:41]}
{[%emt 00:00:02]} 41. g4 {[%clk 00:30:11]} {[%emt 00:00:14]} f6 {[%clk
01:10:52]} {[%emt 00:01:20]} 42. h3 {[%clk 00:30:23]} {[%emt 00:00:17]} Ke6
{[%clk 01:10:52]} {[%emt 00:00:24]} 43. f5+ {[%clk 00:29:37]} {[%emt 00:01:22]}
Kd6 {[%clk 01:10:12]} {[%emt 00:01:10]} 44. h4 {[%clk 00:29:45]} {[%emt
00:00:22]} h6 {[%clk 01:10:12]} {[%emt 00:00:29]} 45. h5 {[%clk 00:26:40]}
{[%emt 00:03:36]} Kc6 {[%clk 01:09:00]} {[%emt 00:01:39]} 46. g5 {[%clk
00:26:34]} {[%emt 00:00:40]} fxg5 {[%clk 01:06:38]} {[%emt 00:02:52]} 47. f6
{[%clk 00:26:55]} {[%emt 00:00:08]} Kd6 {[%clk 01:06:28]} {[%emt 00:00:40]} 48.
f7 {[%clk 00:27:17]} {[%emt 00:00:08]} Ke7 {[%clk 01:06:52]} {[%emt 00:00:06]}
49. f8=Q+ {[%emt 00:00:18]} Kxf8 {[%emt 00:00:14]} 50. Kxd5 {[%clk 00:27:06]}
{[%emt 00:00:08]} Kf7 {[%clk 01:06:44]} {[%emt 00:00:38]} 51. Ke5 {[%clk
00:27:29]} {[%emt 00:00:09]} Ke7 {[%clk 01:05:51]} {[%emt 00:01:20]} 52. Kf5
{[%clk 00:26:22]} {[%emt 00:01:39]} Kd6 {[%clk 01:04:06]} {[%emt 00:02:15]} 53.
Kg6 {[%clk 00:20:40]} {[%emt 00:06:13]} g4 {[%clk 01:04:24]} {[%emt 00:00:12]}
54. Kxh6 {[%clk 00:20:46]} {[%emt 00:00:04]} g3 {[%clk 01:03:57]} {[%emt
00:01:17]} 55. Kh7 {[%clk 00:21:06]} {[%emt 00:00:09]} g2 {[%clk 01:01:41]}
{[%emt 00:02:45]} 56. Kh8 {[%clk 00:21:20]} {[%emt 00:00:17]} g1=Q {[%emt
00:00:20]} 57. h6 {[%emt 00:00:14]} Ke7 {[%clk 01:00:50]} {[%emt 00:00:40]} 58.
h7 {[%clk 00:21:44]} {[%emt 00:00:12]} Qd4+ {[%emt 00:00:23]} 59. Kg8 {[%emt
00:00:12]} Qd8+ {[%clk 00:59:59]} {[%emt 00:00:47]} 60. Kg7 {[%clk 00:21:52]}
{[%emt 00:00:22]} Qf8 {[%clk 01:00:10]} {[%emt 00:00:17]} 0-1

[Event "ODJM C 2024"]
[Site "Willingen GER"]
[Date "2024.05.21"]
[Round "4"]
[White "Nguyen Trung, Atticus"]
[Black "Prokscha, Marlene"]
[Result "0-1"]
[Termination "normal"]
[Board "6"]
[WhiteElo "1581"]
[BlackElo "1230"]
[WhiteClock "00:29:43"]
[BlackClock "01:12:27"]
[PlyCount "106"]
[WhiteFideId "34670041"]
[BlackFideId "34631291"]
[EventCountry "GER"]
[EventRounds "9"]
[EventType "swiss"]
[EventDate "2024.05.18"]

1. e4 {[%clk 01:30:59]} {[%emt 00:42:22]} e6 {[%clk 01:30:49]} {[%emt
00:00:11]} 2. d4 {[%clk 01:31:19]} {[%emt 00:00:10]} d5 {[%clk 01:31:07]}
{[%emt 00:00:11]} 3. Nd2 {[%clk 01:31:28]} {[%emt 00:00:21]} Nf6 {[%clk
01:31:08]} {[%emt 00:00:30]} 4. exd5 {[%clk 01:30:30]} {[%emt 00:01:28]} exd5
{[%clk 01:31:05]} {[%emt 00:00:33]} 5. Ngf3 {[%clk 01:29:41]} {[%emt 00:01:17]}
Bg4 {[%clk 01:30:36]} {[%emt 00:01:02]} 6. Bd3 {[%clk 01:28:10]} {[%emt
00:01:59]} Bd6 {[%clk 01:29:11]} {[%emt 00:01:56]} 7. c3 {[%clk 01:26:20]}
{[%emt 00:02:19]} O-O {[%clk 01:26:09]} {[%emt 00:02:01]} 8. O-O {[%clk
01:24:06]} {[%emt 00:04:16]} Re8 {[%clk 01:24:46]} {[%emt 00:01:53]} 9. Qc2
{[%clk 01:16:08]} {[%emt 00:08:27]} g6 {[%clk 01:21:53]} {[%emt 00:03:22]} 10.
h3 {[%clk 01:06:47]} {[%emt 00:09:52]} Bxf3 {[%clk 01:18:34]} {[%emt 00:03:49]}
11. Nxf3 {[%clk 01:03:22]} {[%emt 00:03:55]} Nbd7 {[%clk 01:15:21]} {[%emt
00:03:44]} 12. Bg5 {[%clk 00:53:17]} {[%emt 00:10:30]} c5 {[%clk 01:13:11]}
{[%emt 00:02:45]} 13. Bb5 {[%clk 00:48:21]} {[%emt 00:05:26]} Be7 {[%clk
01:11:07]} {[%emt 00:02:33]} 14. Rfe1 {[%clk 00:42:17]} {[%emt 00:06:34]} a6
{[%clk 01:08:32]} {[%emt 00:03:06]} 15. Rxe7 {[%clk 00:36:11]} {[%emt
00:06:36]} Rxe7 {[%clk 01:03:39]} {[%emt 00:05:22]} 16. Bxd7 {[%clk 00:35:19]}
{[%emt 00:01:23]} Nxd7 {[%clk 01:02:20]} {[%emt 00:01:49]} 17. Bxe7 {[%clk
00:35:06]} {[%emt 00:00:42]} Qxe7 {[%clk 01:02:31]} {[%emt 00:00:18]} 18. Re1
{[%clk 00:34:31]} {[%emt 00:01:05]} Qd6 {[%clk 01:02:11]} {[%emt 00:00:51]} 19.
Qe2 {[%clk 00:31:29]} {[%emt 00:03:29]} cxd4 {[%clk 01:00:44]} {[%emt
00:02:01]} 20. Nxd4 {[%clk 00:30:59]} {[%emt 00:00:59]} Nf6 {[%clk 01:00:04]}
{[%emt 00:01:10]} 21. Qe7 {[%clk 00:29:27]} {[%emt 00:01:58]} Qxe7 {[%clk
00:59:50]} {[%emt 00:00:49]} 22. Rxe7 {[%clk 00:29:50]} {[%emt 00:00:07]} b5
{[%clk 00:59:30]} {[%emt 00:00:50]} 23. f3 {[%clk 00:28:39]} {[%emt 00:01:40]}
Rb8 {[%clk 00:58:50]} {[%emt 00:01:11]} 24. b4 {[%clk 00:27:18]} {[%emt
00:01:51]} Ra8 {[%clk 00:55:00]} {[%emt 00:04:20]} 25. Nb3 {[%clk 00:25:50]}
{[%emt 00:01:57]} Kg7 {[%clk 00:52:20]} {[%emt 00:03:11]} 26. g4 {[%clk
00:23:26]} {[%emt 00:02:54]} Rc8 {[%clk 00:51:08]} {[%emt 00:01:35]} 27. Nc5
{[%clk 00:22:41]} {[%emt 00:01:21]} Ra8 {[%clk 00:49:27]} {[%emt 00:02:11]} 28.
Nb3 {[%clk 00:22:02]} {[%emt 00:01:09]} g5 {[%clk 00:47:50]} {[%emt 00:02:07]}
29. Kf2 {[%clk 00:19:19]} {[%emt 00:03:13]} Kg6 {[%clk 00:47:16]} {[%emt
00:01:04]} 30. Kg3 {[%clk 00:12:47]} {[%emt 00:07:02]} h5 {[%clk 00:47:09]}
{[%emt 00:00:37]} 31. a3 {[%clk 00:10:34]} {[%emt 00:02:44]} hxg4 {[%clk
00:46:53]} {[%emt 00:00:46]} 32. hxg4 {[%clk 00:10:45]} {[%emt 00:00:18]} Rc8
{[%clk 00:45:53]} {[%emt 00:01:30]} 33. Re3 {[%clk 00:09:41]} {[%emt 00:01:34]}
Nd7 {[%clk 00:44:53]} {[%emt 00:01:32]} 34. Nd2 {[%clk 00:08:28]} {[%emt
00:01:41]} f5 {[%clk 00:44:34]} {[%emt 00:00:49]} 35. Re6+ {[%clk 00:07:35]}
{[%emt 00:01:23]} Nf6 {[%clk 00:44:45]} {[%emt 00:00:19]} 36. Rxa6 {[%clk
00:07:17]} {[%emt 00:00:49]} Rxc3 {[%clk 00:44:26]} {[%emt 00:00:49]} 37. gxf5+
{[%clk 00:07:20]} {[%emt 00:00:25]} Kxf5 {[%clk 00:44:29]} {[%emt 00:00:28]}
38. Ra5 {[%clk 00:06:06]} {[%emt 00:01:45]} g4 {[%clk 00:42:02]} {[%emt
00:02:56]} 39. Rxb5 {[%clk 00:05:34]} {[%emt 00:01:02]} gxf3 {[%clk 00:42:05]}
{[%emt 00:00:27]} 40. Nxf3 {[%clk 00:05:18]} {[%emt 00:00:46]} Rxa3 {[%clk
00:42:28]} {[%emt 00:00:08]} 41. Ra5 {[%clk 00:02:45]} {[%emt 00:03:02]} Rb3
{[%clk 00:42:38]} {[%emt 00:00:19]} 42. Rb5 {[%clk 00:30:10]} {[%emt 00:03:07]}
Ke4 {[%clk 01:12:42]} {[%emt 00:00:22]} 43. Kg2 {[%clk 00:29:13]} {[%emt
00:01:30]} Rxf3 {[%clk 01:12:52]} {[%emt 00:00:20]} 44. Rb7 {[%clk 00:29:07]}
{[%emt 00:00:32]} d4 {[%clk 01:12:25]} {[%emt 00:01:02]} 45. Rb8 {[%clk
00:28:33]} {[%emt 00:01:04]} d3 {[%clk 01:11:43]} {[%emt 00:01:11]} 46. Rd8
{[%clk 00:28:55]} {[%emt 00:00:08]} Ke3 {[%clk 01:12:01]} {[%emt 00:00:11]} 47.
b5 {[%clk 00:29:14]} {[%emt 00:00:12]} Rf5 {[%clk 01:11:04]} {[%emt 00:01:28]}
48. b6 {[%clk 00:29:23]} {[%emt 00:00:21]} Rb5 {[%clk 01:11:06]} {[%emt
00:00:28]} 49. Rb8 {[%clk 00:29:00]} {[%emt 00:00:53]} d2 {[%clk 01:11:15]}
{[%emt 00:00:20]} 50. Rd8 {[%clk 00:28:53]} {[%emt 00:00:38]} Rxb6 {[%clk
01:11:35]} {[%emt 00:00:10]} 51. Kf1 {[%clk 00:29:04]} {[%emt 00:00:18]} Rb1+
{[%clk 01:11:51]} {[%emt 00:00:15]} 52. Kg2 {[%clk 00:29:23]} {[%emt 00:00:10]}
d1=Q {[%clk 01:12:11]} {[%emt 00:00:10]} 53. Rxd1 {[%clk 00:29:43]} {[%emt
00:00:10]} Rxd1 {[%clk 01:12:27]} {[%emt 00:00:14]} 0-1

[Event "ODJM C 2024"]
[Site "Willingen GER"]
[Date "2024.05.21"]
[Round "4"]
[White "Englert, Ann"]
[Black "Nguyen, Oliver Dung"]
[Result "1/2-1/2"]
[Termination "normal"]
[Board "7"]
[WhiteElo "1530"]
[BlackElo "1017"]
[WhiteClock "01:14:53"]
[BlackClock "00:59:36"]
[PlyCount "63"]
[WhiteFideId "34606181"]
[BlackFideId "34664190"]
[EventCountry "GER"]
[EventRounds "9"]
[EventType "swiss"]
[EventDate "2024.05.18"]

1. d4 {[%clk 01:30:58]} {[%emt 00:00:01]} Nf6 {[%clk 01:30:56]} {[%emt
00:00:05]} 2. c4 {[%clk 01:31:19]} {[%emt 00:00:09]} e6 {[%clk 01:31:23]}
{[%emt 00:00:03]} 3. Nc3 {[%clk 01:31:34]} {[%emt 00:00:15]} d5 {[%clk
01:31:49]} {[%emt 00:00:03]} 4. cxd5 {[%clk 01:31:44]} {[%emt 00:00:20]} exd5
{[%clk 01:32:14]} {[%emt 00:00:05]} 5. Bg5 {[%clk 01:31:44]} {[%emt 00:00:30]}
Bb4 {[%clk 01:32:37]} {[%emt 00:00:08]} 6. a3 {[%clk 01:31:51]} {[%emt
00:00:23]} Ba5 {[%clk 01:32:59]} {[%emt 00:00:08]} 7. b4 {[%clk 01:31:31]}
{[%emt 00:00:50]} Bb6 {[%clk 01:30:14]} {[%emt 00:03:15]} 8. Bxf6 {[%clk
01:30:30]} {[%emt 00:01:31]} Qxf6 {[%clk 01:30:36]} {[%emt 00:00:08]} 9. Nxd5
{[%clk 01:29:57]} {[%emt 00:01:03]} Qd6 {[%clk 01:30:55]} {[%emt 00:00:10]} 10.
Nc3 {[%clk 01:27:46]} {[%emt 00:02:37]} Bxd4 {[%clk 01:28:19]} {[%emt
00:03:11]} 11. Nb5 {[%clk 01:26:25]} {[%emt 00:01:51]} Bxf2+ {[%clk 01:23:54]}
{[%emt 00:04:55]} 12. Kxf2 {[%clk 01:26:38]} {[%emt 00:00:17]} Qb6+ {[%clk
01:22:17]} {[%emt 00:02:06]} 13. e3 {[%clk 01:25:35]} {[%emt 00:01:33]} O-O
{[%clk 01:21:56]} {[%emt 00:00:51]} 14. Nf3 {[%clk 01:25:05]} {[%emt 00:01:00]}
Re8 {[%clk 01:20:12]} {[%emt 00:02:14]} 15. Qd4 {[%clk 01:23:01]} {[%emt
00:02:28]} Qc6 {[%clk 01:11:56]} {[%emt 00:08:53]} 16. Qc5 {[%clk 01:21:17]}
{[%emt 00:02:12]} Qxc5 {[%clk 01:10:15]} {[%emt 00:02:13]} 17. bxc5 {[%clk
01:21:41]} {[%emt 00:00:06]} Re7 {[%clk 01:10:42]} {[%emt 00:00:03]} 18. Rd1
{[%clk 01:21:42]} {[%emt 00:00:28]} Nc6 {[%clk 01:09:54]} {[%emt 00:01:18]} 19.
Nfd4 {[%clk 01:21:32]} {[%emt 00:00:41]} Ne5 {[%clk 01:06:56]} {[%emt
00:03:28]} 20. h3 {[%clk 01:21:02]} {[%emt 00:00:59]} Bd7 {[%clk 01:04:49]}
{[%emt 00:02:37]} 21. Nxc7 {[%clk 01:20:08]} {[%emt 00:01:25]} Ba4 {[%clk
01:05:03]} {[%emt 00:00:16]} 22. Nxa8 {[%clk 01:19:24]} {[%emt 00:01:14]} Bxd1
{[%clk 01:05:26]} {[%emt 00:00:07]} 23. Bb5 {[%clk 01:17:38]} {[%emt 00:02:15]}
Bh5 {[%clk 01:02:44]} {[%emt 00:03:12]} 24. Nf5 {[%clk 01:15:36]} {[%emt
00:02:32]} Re6 {[%clk 01:03:09]} {[%emt 00:00:06]} 25. Nc7 {[%clk 01:15:17]}
{[%emt 00:00:48]} Rf6 {[%clk 01:02:23]} {[%emt 00:01:17]} 26. g4 {[%clk
01:15:23]} {[%emt 00:00:24]} Bxg4 {[%clk 00:59:09]} {[%emt 00:03:43]} 27. hxg4
{[%clk 01:15:08]} {[%emt 00:00:45]} Nxg4+ {[%clk 00:59:29]} {[%emt 00:00:10]}
28. Kg3 {[%clk 01:15:23]} {[%emt 00:00:15]} Rxf5 {[%clk 00:58:43]} {[%emt
00:01:16]} 29. Kxg4 {[%clk 01:15:43]} {[%emt 00:00:10]} Rxc5 {[%clk 00:59:08]}
{[%emt 00:00:06]} 30. Rd1 {[%clk 01:14:58]} {[%emt 00:01:13]} h5+ {[%clk
00:59:15]} {[%emt 00:00:25]} 31. Kh4 {[%clk 01:14:53]} {[%emt 00:00:34]} Rxc7
{[%clk 00:59:36]} {[%emt 00:00:10]} 32. Be2 {[%emt 00:08:40]} 1/2-1/2